=LDR 00000nam 2200000 4500 =001 INLIS000000000019996 =005 20130612115009 =008 ***********************************Ind** =035 ##$$0010-061300000019996 =041 ##$$a Ind =082 ##$$a 321.8 =090 ##$$a 321.8, Ger g =245 ##$$a Gerakan sosial, konsep strategi aktor, hambatan dan tantangan gerakan sosial di Indonesia, Penyususn, Fadillah Putra...[et.al] =260 ##$$a 2006 $b Malang =300 ##$$a xix, 124 hlm, 21 cm =650 ##$$a Demokrasi =850 ##$$a NBPNMAT